Quizzes
Events
Quiz Creation
Community
Videos
Private Events
Remove Ads
Sign In
Join for FREE
Feedback
Dark Mode
Quiz Categories
Sports
Geography
Music
Movies
Television
Just For Fun
Miscellaneous
History
Literature
Language
Science
Gaming
Entertainment
Religion
Holiday
For Kids
Quiz Lab
Recent
Popular Today
Quiz Kudos Today
Editor Picks
Curator Picks
Quizzes by...
Day
Popularity
Type
Ratings
Length
Year
Community
Subscriptions
Recent Discussions
Orange Saloon
Badges
Playlists
Quests
Create
Leaderboards
Showdown
Live 5
Trivia Bingo
Activity
Puzzle Library
Sporcle Events
Private Events
Virtual Trivia
Globe League
Become a Host
Pub Owners
SporcleCon
Opinionation
Our Games
Videos
Blog
Mobile Apps
Partnerships
Remove Ads and Go Orange
Feedback
Language
Vocabulary
Begins and Ends
Definition
Spanish
French
German
Italian
Chinese
Latin
Translation
Japanese
Language
Vocabulary
Begins and Ends
Definition
Spanish
French
German
Italian
Chinese
Latin
Translation
Japanese
Random Quiz
Search Sporcle
×
Quiz Lab
Quiz Lab
Language
City
Type in answers that appear in a list
Type in answers that appear in a list
Classic
Best Score? Go Orange.
La citta - Italiano Stats
Can you name the locations of a city in English?
By
omgitskt
10m
22 Questions
266 Plays
266 Plays
266 Plays
Comments
Comments
Give Quiz Kudos
Give Quiz Kudos
-
- Ratings
hide this ad
More Info
Forced Order
Answers have to be entered in order
Answers have to be entered in order
Random Order
Randomize order of answers
Randomize order of answers
Replay
Link that replays current quiz
Next Quiz
Link to next quiz in quiz playlist
You Got
0%
They Got
Avg Score
74%
Avg Friend Score
Upgrade to see
Score Distribution
Jump to the score distribution portion of the page
Score
0/22
Timer
10:00
0
Plays Today
Location in Italian
Location in English
% Correct
Il museo
The museum
90.6%
Il parco
The park
90.6%
La banca
The bank
89.8%
Il cinema
The cinema
88.3%
Il ristorante
The restaurant
88%
La stazione
The station
87.6%
Il bar
The bar
87.2%
L'ospedale
The hospital
86.8%
Il supermercato
The supermarket
86.8%
La chiesa
The church
85%
L'albergo
The hotel
82.3%
Location in Italian
Location in English
% Correct
La biblioteca
The library
80.5%
L'ufficio postale
The post office
78.9%
Il mercato
The market
78.2%
La farmacia
The pharmacy
69.5%
Il teatro
The theater
67.7%
Il centro commerciale
The mall
65.8%
La gelateria
The ice cream shop
50.8%
La discoteca
The dance club
50.4%
Il negozio
The store
47.7%
La liberia
The bookstore
44.4%
Il parcheggio
The parking lot
39.5%
Quiz Playlist
Details
Report
Send in Message
Add To Playlist
More Info:
This is for studying purposes.
Classic:
Type in answers that appear in a list
Forced Order:
Answers have to be entered in order
Random Order:
Randomize order of answers
Last Updated: Feb 16, 2017
Quiz Scoreboard
CHALLENGE
Sign Up to Join the Scoreboard
Show All
Scores
Hide
Comments
May contain spoilers
Recently Published
Movies - When Are They Set?
by FPL_Elf
Movies
5m
Popular People in 1961
by mucciniale
History
6m
1-10 Letter E Words III
by El_Dandy
Language
2m
More to Explore
Quiz From the Vault
Featured Blog Post
Where Did the Easter Bunny Come From?
hide this ad
You Might Also Like...
Tags
City Quiz
Italian Quiz
Italiano
location
place
Today's Top Quizzes in Language
Browse Language
hide this ad
Today's Top Quizzes in City
Browse City
Top Contributed Quizzes in Language
1
Order Up: Top 10 Most Native Spoken Languages
2
1-10 Letter F Words III
3
1-10 Letter G Words III
4
1-10 Letter H Words III
5
One Thing in Common: Italy
6
1-10 Letter I Words III
7
Begins and Ends With AN
8
Weisst du, aus welchen Sprachen diese Wörter stammen?
9
Hiragana Speed Reading
10
1-10 Letter J Words III
Explore More
Trending Topics
Harry Potter
Marvel
Kpop
Crossword
Disney
Anime
NBA
Pokémon
NFL
Song
Soccer
Country
Puzzle
The Office
WWE
hide this ad
More By:
omgitskt
Quiz
Plays
Rating
Category
Featured
Created
Guess The Lyrics
4,436
4.56
Music
Jul 29, 2010
Telling Time in Italian
3,935
5.00
Language
Nov 1, 2010
Present tense -are verbs in Italian
494
Just For Fun
Nov 1, 2010
Italian Verbs -are
434
Language
Nov 1, 2010
La citta - Italiano
266
Language
Nov 1, 2010
Go to Creator's Profile
Score Distribution
Quiz Creator Spotlight
omgitskt
Follow
Send a Message
Quizzes Created
-
Created Quiz Play Count
-
More By This Creator
Popular Quizzes Today
1
Find the US States - No Outlines Minefield
2
Find the Countries of Europe - No Outlines Minefield
3
The Countries of the World
4
Popular People in 1961
5
1-10 Letter E Words III
6
US States
7
Find the US States
8
One Thing in Common: World Cities II
More Language Quizzes
Rome in 15 languages
Editor's Pick
Trending Quizzes
Risky Map Clicking: Least Populous States A-Z
1-10 Letter F Words
Humor Books: The Subtitles
1-10 Letter G Words
One Thing in Common: United Kingdom
Recently Updated
Leaping Animals
pecheneg
Reality TV Shows (A-Z)
bhenderson79
Rickey Henderson's Hall of Fame Teammates
pecheneg
Champions League XIs: Arsenal
pecheneg
Quick Pick: Celebrities in WWE's Hall of Fame
aduchscher
A-Z Keypad Blitz II
pecheneg
Multiple Oscar Actors
pecheneg
Mystery Phrase Blitz: Oscar 'Best Actors'
pecheneg
F. Scott Fitzgerald Novels
LTH
Pick 3 Villains
ddd62291
Trending Topics
Marvel
Anime
Kpop
Disney
Harry Potter
NBA
Crossword
Pokémon
Puzzle
WWE
The Office
Country
NFL
Song
Soccer
Your Account Isn't Verified!
In order to create a playlist on Sporcle, you need to verify the email address you used during registration. Go to your
Sporcle Settings
to finish the process.
Report this User
Report this user for behavior that violates our
Community Guidelines
.
Details:
Send Report
Go to the Sporcle.com Mobile Site →
Comments